| 000 | 00511nam a2200181Ia 4500 | ||
|---|---|---|---|
| 005 | 20250508152249.0 | ||
| 008 | 008 250505s9999 xx 000 0 eng d | ||
| 037 | _aTextual | ||
| 040 |
_aFEDL _beng _cFEDL |
||
| 041 |
_aeng _2eng |
||
| 084 |
_a372.2412, KIN _qFEDL |
||
| 100 |
_aKing-Hall Magdalen _9761100 |
||
| 245 | 0 | _aStory of the nursery | |
| 260 |
_aLondon, UK _bRoutledge and Kegan Paul _c1958 |
||
| 300 | _axvii,268p. | ||
| 942 |
_cTEXL _h372.2412, KIN |
||
| 999 |
_c1335374 _d1335374 |
||